Регионална библиотека "Любен Каравелов" - Русе

Избрани произведения (Запис номер 207334)

MARC детайли
000 -Лидер
Контролно поле с фиксирана дължина nam a22 a 4500
003 - Код на организацията, давaща контролен номер
Контролно поле BLK
005 - Дата и час на последна редакция
Контролно поле 20220621154651.0
008 - Елементи от данни с фиксирана дължина
fixed length control field 180411b bul|||||r ||||||| ||bul||
040 ## - Източник на каталожния запис
Идентификатор на билиотеката - собственик на записа BLK
041 ## - Код за език
Код за езика на текст/звукозапис или на отделно заглавие Български
Код за езика КДБФ Български
080 ## - УДК
Текстов определител УДК Българска литература
УДК код - определител по УДК 821.163.2
УДК определител -8
УДК - код + определител 821.163.2-8
100 1# - Редна дума - Автор
Автор Церковски, Цанко
Авторска отговорност първи автор
Автор - информация (биография) Бакалов, Цанко Генов
R(LIN) 377960
139 ## - Редно поле
Редна дума Церковски, Цанко
Авторски знак Церк - Ц 53
245 10 - Сведения за заглавието
Заглавие Избрани произведения
Редно поле (дума) Цанко Церковски; предг. и ред. Иван Сестримски; * Цанко Генов Бакалов.
257 ## - Страна на издаване
Страна на създаване/издаване България
260 ## - Област на издателските данни
Място на издаване, разпространение и проч. София
Име на издателя, разпространителя и проч. Бълг. писател
Година на издаване 1969
300 ## - Физическа характеристика
Страници 651 с.
Илюстрации и др. 4 л. портр.
Размери/Мащаб 19 см
380 ## - Жанр
Жанр Худож. лит.
700 1# - Други автори (авторска отговорност)
Лично име Сестримски, Иван
Автороска отговорност (Описва отношението между автора и произведението) предг. и ред.
9 (RLIN) 363551
700 1# - Други автори (авторска отговорност)
Лично име Бакалов, Цанко Генов
9 (RLIN) 327383
852 ## - Местоположение
Форматна сигнатура Цб 49246
Фондова буква Хранилище
999 ## - СИСТЕМНИ КОНТРОЛНИ НОМЕРА
Koha biblionumber 207334
Koha biblioitemnumber 207334
942 ## - АРТИКУЛИ
Вид на библиотечния материал Книги
Скрит в OPAC Не
Koha issues (borrowed), all copies 1
Периодичен библиозапис Да
944 ## - СЪЗДАВАНЕ И РЕДАКЦИЯ на ЗАПИСА
Създаване/Редакция Създаване
Дата на регистрацията/редакция 09.03.2018
Служител, извършил регистрацията/редакцията Теодора_Стоянова
944 ## - СЪЗДАВАНЕ И РЕДАКЦИЯ на ЗАПИСА
Създаване/Редакция Редакция
Дата на регистрацията/редакция 2022-06-21
Служител, извършил регистрацията/редакцията Кети
999 ## - СИСТЕМНИ КОНТРОЛНИ НОМЕРА
Koha biblioitemnumber 207334
Наличности
Код за отписване Код за изгубен артикул Източник на класификационната схема Код за повреда Коз за рестрикции Код за отдаване Артикулен № Име на библиотеката - собственик Име на библиотеката, в която се намира в момента Статус (Текущо местоположение) Дата на вписване в системата Местоположение - отдел Цена в лева Инвентарен номер Систематично азбучна сигнатура Баркод Номер на екземпляра Цена в евро Служебна бележка Служебен тип на артикула
  Не е изгубен Universal Decimal Classification Не е повреден само за читалня ползва се в читалня 357764 Регионална библиотека "Любен Каравелов" Русе Регионална библиотека "Любен Каравелов" Русе Хранилище 1969-01-01 Хранилище 2.60 54621 Цб 49246 120000054621 1 1.33 Вид: Сф Дата: 01.01.1969 Книги
Изтеглен Не е изгубен Universal Decimal Classification Не е повреден без рестрикции заемане за дома 357765 Регионална библиотека "Любен Каравелов" Русе Регионална библиотека "Любен Каравелов" Русе Заемна - подръчен фонд 1969-01-01 Заемна - подръчен фонд 2.60 54992 П 886.7-8/Ц 53 120000054992 2 1.33 Вид: Сф Дата: 01.01.1969 Дата инв: 09.03.2018 Бележки инв: П2018 Книги
Vip Innovations Ltd, Rousse, Bulgaria 2025